000 01114cam a2200349 a 4500
001 4232
003 FISKH
005 20240705145637.0
008 040707s2004 nyuab b 000 1 eng
010 _a 2004274996
020 _a0439559634 (pbk.)
020 _a9780439559638
040 _aDLC
_cDLC
_dDLC
_beng
050 _aPZ7.L8996
082 _a853.92
100 _aStilton, Geronimo
245 0 0 _aLost treasure of the emerald eye /
_cGeronimo Stilton
260 _aNew York :
_bScholastic,
_c2004.
300 _a116 pages :
_bmaps ; color illustrations ;
_c20 cm
520 _aThe discovery of an old map by his sister Thea leads Geronimo and his family to search for buried treasure on a faraway island.
521 0 _a530
_bLexile
521 1 _aM
_bRaz-Plus
650 1 _aMice
_vFiction.
650 1 _aJournalists
_vFiction.
650 1 _aBuried treasure
_vFiction.
650 1 _aIslands
_vFiction.
650 1 _aAdventure and adventurers
_vFiction.
650 1 _aHumorous stories.
906 _a7
_bcbc
_corignew
_d2
_encip
_f20
_gy-gencatlg
942 _2ddc
_cBK
_n0
999 _c4232
_d4232